| 000 | 01260nam a22002657a 4500 | ||
|---|---|---|---|
| 005 | 20170124103015.0 | ||
| 010 | _aB-068983 | ||
| 020 |
_c100.00 _a8126306998 |
||
| 035 | _aB-068983 | ||
| 037 | _bCen Lib/Ret | ||
| 040 |
_aDPL _bHN |
||
| 082 |
_aक _bगंगोपा |
||
| 100 |
_aगंगोपाध्याय, सुनील _99382 |
||
| 245 |
_aआज का समय / _cसुनील गंगोपाध्याय ; अनुवादक इन्दिरा चटर्जी |
||
| 246 |
_aAaj ka samay / _bby Sunil Gangopadhayaya ; anuvadak Indira Chatterjee |
||
| 260 |
_aनयी दिल्ली _bभारतीय ज्ञानपीठ _c2002 |
||
| 270 |
_a18, इंस्टीट्यूशनल एरिया, लोधी रोड _bनयी दिल्ली _e110003 |
||
| 300 |
_a151पृ. _c20सेमी (सजिल्द ) |
||
| 650 |
_aहिंदी साहित्य _x _z _958853 |
||
| 650 |
_aहिंदी साहित्य--लघु कथाएँ _958854 |
||
| 650 |
_aHindi literature _v _958855 |
||
| 650 |
_aHindi literature--Short Stories _958856 |
||
| 700 |
_a चटर्जी, इन्दिरा _958857 |
||
| 942 |
_2ddc _cHN _hक _mगंगोपा |
||
| 999 |
_c114892 _d114892 |
||